00616cam3a220021700 4500001001200000008004100012035001900053035001800072100003400090245004700124260001000171949003700181004000600218591002400224591004200248591001700290591003500307591002800342909000900370999001900379zam00003586951128s1976 xx eng u a(Sirsi) r20911 a(MACHINE)SLC. aFriend & Thrilfall.6A82460.110aBiochemical aspects of plant relationship. c1976. aSB975wlccmMAINtBOOKlON-SHELF20911 aClass code: BS 935. aCourse: Mycology and plant pathology. aSchool: S09. aLecturer: Prof. KAPOORIA, R.G. aNumber of Students: 29. aBook c172670d172670